<?xml version="1.0" encoding="UTF-8"?>
<record
    xmlns:xsi="http://www.w3.org/2001/XMLSchema-instance"
    xsi:schemaLocation="http://www.loc.gov/MARC21/slim http://www.loc.gov/standards/marcxml/schema/MARC21slim.xsd"
    xmlns="http://www.loc.gov/MARC21/slim">

  <leader>01635nam a2200397 c 4500</leader>
  <controlfield tag="001">59436</controlfield>
  <controlfield tag="003">CO-BoRNBP</controlfield>
  <controlfield tag="005">20251009224709.0</controlfield>
  <controlfield tag="007">ta</controlfield>
  <controlfield tag="008">250131s2024    ck a|||ar||| 000 01sspa d</controlfield>
  <datafield tag="020" ind1=" " ind2=" ">
    <subfield code="a">9789583069369</subfield>
  </datafield>
  <datafield tag="040" ind1=" " ind2=" ">
    <subfield code="a">CO-BoRNBP</subfield>
    <subfield code="b">spa</subfield>
    <subfield code="e">rda</subfield>
    <subfield code="c">CO-BoRNBP</subfield>
  </datafield>
  <datafield tag="041" ind1="0" ind2=" ">
    <subfield code="a">spa</subfield>
  </datafield>
  <datafield tag="043" ind1=" " ind2=" ">
    <subfield code="a">s-ck---</subfield>
  </datafield>
  <datafield tag="084" ind1=" " ind2=" ">
    <subfield code="a">A</subfield>
  </datafield>
  <datafield tag="100" ind1=" " ind2=" ">
    <subfield code="a">L&#xF3;pez de Mesa, Diana</subfield>
    <subfield code="e">aut</subfield>
    <subfield code="9">65577</subfield>
  </datafield>
  <datafield tag="245" ind1="1" ind2="0">
    <subfield code="a">Animalfabeto /</subfield>
    <subfield code="c">Diana L&#xF3;pez de Mesa... [y otros tres] ; ilustradora M&#xF3;nica Pe&#xF1;a.</subfield>
  </datafield>
  <datafield tag="250" ind1=" " ind2=" ">
    <subfield code="a">Edici&#xF3;n especial</subfield>
  </datafield>
  <datafield tag="264" ind1=" " ind2="1">
    <subfield code="a">Bogot&#xE1;, Colombia :</subfield>
    <subfield code="b">Richmond,</subfield>
    <subfield code="c">2024</subfield>
  </datafield>
  <datafield tag="300" ind1=" " ind2=" ">
    <subfield code="a">63 p&#xE1;ginas :</subfield>
    <subfield code="b">ilustraciones a color</subfield>
  </datafield>
  <datafield tag="336" ind1=" " ind2=" ">
    <subfield code="a">texto</subfield>
    <subfield code="b">txt</subfield>
    <subfield code="2">rdacontenido</subfield>
  </datafield>
  <datafield tag="337" ind1=" " ind2=" ">
    <subfield code="a">sin mediaci&#xF3;n</subfield>
    <subfield code="b">n</subfield>
    <subfield code="2">rdamedio</subfield>
  </datafield>
  <datafield tag="338" ind1=" " ind2=" ">
    <subfield code="a">volumen</subfield>
    <subfield code="b">nc</subfield>
    <subfield code="2">rdasoporte</subfield>
  </datafield>
  <datafield tag="520" ind1=" " ind2=" ">
    <subfield code="a">Conoce animales por montones, desde la ara&#xF1;a hasta el zorro, en este colorido libro lleno de rimas y poes&#xED;as infantiles cl&#xE1;sicas. Animalfabeto es un libro ideal para familiarizarse con los animales y con nuestro alfabeto de forma divertida y juguetona</subfield>
  </datafield>
  <datafield tag="521" ind1=" " ind2=" ">
    <subfield code="a">Recomendado para un p&#xFA;blico infantil mayor de 3 a&#xF1;os</subfield>
  </datafield>
  <datafield tag="650" ind1="0" ind2="4">
    <subfield code="a">&#xC1;lbumes infantiles colombianos</subfield>
    <subfield code="y">Siglo XX</subfield>
    <subfield code="2">LEMB</subfield>
    <subfield code="9">1018</subfield>
  </datafield>
  <datafield tag="650" ind1="0" ind2="7">
    <subfield code="a">Alfabeto en la literatura</subfield>
    <subfield code="2">lemb</subfield>
    <subfield code="9">65554</subfield>
  </datafield>
  <datafield tag="650" ind1="0" ind2="7">
    <subfield code="a">Lectura</subfield>
    <subfield code="x">Ense&#xF1;anza</subfield>
    <subfield code="2">LEMB</subfield>
    <subfield code="9">62821</subfield>
  </datafield>
  <datafield tag="650" ind1="0" ind2="4">
    <subfield code="a">Literatura infantil colombiana</subfield>
    <subfield code="y">Siglo XX</subfield>
    <subfield code="2">LEMB</subfield>
    <subfield code="9">364</subfield>
  </datafield>
  <datafield tag="700" ind1=" " ind2=" ">
    <subfield code="a">Garcia Lorca, Federico,</subfield>
    <subfield code="d">1898-1936,</subfield>
    <subfield code="e">aut</subfield>
    <subfield code="9">1638</subfield>
  </datafield>
  <datafield tag="700" ind1=" " ind2=" ">
    <subfield code="a">Pe&#xF1;a, M&#xF3;nica</subfield>
    <subfield code="e">ill</subfield>
    <subfield code="9">63019</subfield>
  </datafield>
  <datafield tag="700" ind1=" " ind2=" ">
    <subfield code="a">Pombo, Rafael,</subfield>
    <subfield code="d">1833-1912,</subfield>
    <subfield code="e">aut</subfield>
  </datafield>
  <datafield tag="700" ind1=" " ind2=" ">
    <subfield code="a">Samaniego, Felix Mar&#xED;a</subfield>
    <subfield code="e">aut</subfield>
    <subfield code="9">18870</subfield>
  </datafield>
  <datafield tag="830" ind1=" " ind2=" ">
    <subfield code="a">Plan Nacional de lectura y escritura leer es mi cuento</subfield>
  </datafield>
  <datafield tag="942" ind1=" " ind2=" ">
    <subfield code="2">loc</subfield>
    <subfield code="c">BKLITI</subfield>
  </datafield>
  <datafield tag="999" ind1=" " ind2=" ">
    <subfield code="c">59436</subfield>
    <subfield code="d">59436</subfield>
  </datafield>
  <datafield tag="952" ind1=" " ind2=" ">
    <subfield code="0">0</subfield>
    <subfield code="1">0</subfield>
    <subfield code="2">ddc</subfield>
    <subfield code="4">0</subfield>
    <subfield code="7">0</subfield>
    <subfield code="8">INF</subfield>
    <subfield code="a">MEFTEORO</subfield>
    <subfield code="b">MEFTEORO</subfield>
    <subfield code="c">SInf</subfield>
    <subfield code="d">2025-10-09</subfield>
    <subfield code="l">0</subfield>
    <subfield code="o">A LOP10</subfield>
    <subfield code="p">Fo02833</subfield>
    <subfield code="r">2025-10-09 22:49:02</subfield>
    <subfield code="t">Ej.1</subfield>
    <subfield code="w">2025-10-09</subfield>
    <subfield code="y">BKLITI</subfield>
  </datafield>
  <datafield tag="952" ind1=" " ind2=" ">
    <subfield code="0">0</subfield>
    <subfield code="1">0</subfield>
    <subfield code="2">ddc</subfield>
    <subfield code="4">0</subfield>
    <subfield code="7">0</subfield>
    <subfield code="8">INF</subfield>
    <subfield code="a">MECASTIL</subfield>
    <subfield code="b">MECASTIL</subfield>
    <subfield code="c">SInf</subfield>
    <subfield code="d">2025-10-16</subfield>
    <subfield code="l">0</subfield>
    <subfield code="o">A LOP10</subfield>
    <subfield code="p">EC03135</subfield>
    <subfield code="r">2025-10-16 18:02:10</subfield>
    <subfield code="t">Ej.1</subfield>
    <subfield code="w">2025-10-16</subfield>
    <subfield code="y">BKLITI</subfield>
  </datafield>
  <datafield tag="952" ind1=" " ind2=" ">
    <subfield code="0">0</subfield>
    <subfield code="1">0</subfield>
    <subfield code="2">ddc</subfield>
    <subfield code="4">0</subfield>
    <subfield code="7">0</subfield>
    <subfield code="8">INF</subfield>
    <subfield code="a">MESGUARO</subfield>
    <subfield code="b">MESGUARO</subfield>
    <subfield code="c">SInf</subfield>
    <subfield code="d">2025-10-20</subfield>
    <subfield code="l">0</subfield>
    <subfield code="o">A LOP10</subfield>
    <subfield code="p">SG04265</subfield>
    <subfield code="r">2025-10-20 21:54:13</subfield>
    <subfield code="t">Ej.1</subfield>
    <subfield code="w">2025-10-20</subfield>
    <subfield code="y">BKLITI</subfield>
  </datafield>
  <datafield tag="952" ind1=" " ind2=" ">
    <subfield code="0">0</subfield>
    <subfield code="1">0</subfield>
    <subfield code="2">ddc</subfield>
    <subfield code="4">0</subfield>
    <subfield code="7">0</subfield>
    <subfield code="8">INF</subfield>
    <subfield code="a">MEMAPIRI</subfield>
    <subfield code="b">MEMAPIRI</subfield>
    <subfield code="c">SInf</subfield>
    <subfield code="d">2025-10-22</subfield>
    <subfield code="l">0</subfield>
    <subfield code="o">A LOP10</subfield>
    <subfield code="p">MAP00004535</subfield>
    <subfield code="r">2025-10-22 20:20:02</subfield>
    <subfield code="t">Ej.1</subfield>
    <subfield code="w">2025-10-22</subfield>
    <subfield code="y">BKLITI</subfield>
  </datafield>
  <datafield tag="952" ind1=" " ind2=" ">
    <subfield code="0">0</subfield>
    <subfield code="1">0</subfield>
    <subfield code="2">ddc</subfield>
    <subfield code="4">0</subfield>
    <subfield code="7">0</subfield>
    <subfield code="a">MELEJANI</subfield>
    <subfield code="b">MELEJANI</subfield>
    <subfield code="c">GEN</subfield>
    <subfield code="d">2025-10-24</subfield>
    <subfield code="l">0</subfield>
    <subfield code="o">A LOP10</subfield>
    <subfield code="p">LEJ01015</subfield>
    <subfield code="r">2025-10-24 16:08:00</subfield>
    <subfield code="t">Ej.1</subfield>
    <subfield code="w">2025-10-24</subfield>
    <subfield code="y">BKLITI</subfield>
  </datafield>
  <datafield tag="952" ind1=" " ind2=" ">
    <subfield code="0">0</subfield>
    <subfield code="1">0</subfield>
    <subfield code="2">ddc</subfield>
    <subfield code="4">0</subfield>
    <subfield code="7">0</subfield>
    <subfield code="8">INF</subfield>
    <subfield code="a">MECLANUE</subfield>
    <subfield code="b">MECLANUE</subfield>
    <subfield code="c">SInf</subfield>
    <subfield code="d">2025-10-24</subfield>
    <subfield code="l">0</subfield>
    <subfield code="o">A LOP10</subfield>
    <subfield code="p">CLN00408</subfield>
    <subfield code="r">2025-10-24 22:21:49</subfield>
    <subfield code="t">Ej.1</subfield>
    <subfield code="w">2025-10-24</subfield>
    <subfield code="y">BKLITI</subfield>
  </datafield>
  <datafield tag="952" ind1=" " ind2=" ">
    <subfield code="0">0</subfield>
    <subfield code="1">0</subfield>
    <subfield code="2">ddc</subfield>
    <subfield code="4">0</subfield>
    <subfield code="7">0</subfield>
    <subfield code="8">INF</subfield>
    <subfield code="a">MEMACARE</subfield>
    <subfield code="b">MEMACARE</subfield>
    <subfield code="c">SInf</subfield>
    <subfield code="d">2025-11-04</subfield>
    <subfield code="l">0</subfield>
    <subfield code="o">ALOP10</subfield>
    <subfield code="p">LM03510</subfield>
    <subfield code="r">2025-11-04 20:36:41</subfield>
    <subfield code="t">Ej.1</subfield>
    <subfield code="w">2025-11-04</subfield>
    <subfield code="y">BKLITI</subfield>
  </datafield>
  <datafield tag="952" ind1=" " ind2=" ">
    <subfield code="0">0</subfield>
    <subfield code="1">0</subfield>
    <subfield code="2">ddc</subfield>
    <subfield code="4">0</subfield>
    <subfield code="7">0</subfield>
    <subfield code="8">INF</subfield>
    <subfield code="a">MEMACYARI</subfield>
    <subfield code="b">MEMACYARI</subfield>
    <subfield code="c">SInf</subfield>
    <subfield code="d">2025-10-16</subfield>
    <subfield code="e">BIBLIOTECA NACIONAL </subfield>
    <subfield code="f">9789583069369</subfield>
    <subfield code="l">0</subfield>
    <subfield code="o">A</subfield>
    <subfield code="p">9789583069369</subfield>
    <subfield code="r">2025-11-11 15:03:23</subfield>
    <subfield code="t">Ej.1</subfield>
    <subfield code="w">2025-11-11</subfield>
    <subfield code="y">BKLITI</subfield>
  </datafield>
  <datafield tag="952" ind1=" " ind2=" ">
    <subfield code="0">0</subfield>
    <subfield code="1">0</subfield>
    <subfield code="2">ddc</subfield>
    <subfield code="4">0</subfield>
    <subfield code="7">0</subfield>
    <subfield code="8">INF</subfield>
    <subfield code="a">MEPLLERAS</subfield>
    <subfield code="b">MEPLLERAS</subfield>
    <subfield code="c">LIT</subfield>
    <subfield code="d">2025-11-11</subfield>
    <subfield code="l">0</subfield>
    <subfield code="o">A LOP10</subfield>
    <subfield code="p">PLL02531</subfield>
    <subfield code="r">2025-11-11 16:52:20</subfield>
    <subfield code="t">Ej.1</subfield>
    <subfield code="w">2025-11-11</subfield>
    <subfield code="y">BKLITI</subfield>
  </datafield>
  <datafield tag="952" ind1=" " ind2=" ">
    <subfield code="0">0</subfield>
    <subfield code="1">0</subfield>
    <subfield code="2">ddc</subfield>
    <subfield code="4">0</subfield>
    <subfield code="7">0</subfield>
    <subfield code="8">INF</subfield>
    <subfield code="a">MEGRANAD</subfield>
    <subfield code="b">MEGRANAD</subfield>
    <subfield code="c">SInf</subfield>
    <subfield code="d">2025-12-09</subfield>
    <subfield code="l">0</subfield>
    <subfield code="o">A LOP10</subfield>
    <subfield code="p">GRDA00523</subfield>
    <subfield code="r">2025-12-09 22:34:13</subfield>
    <subfield code="t">Ej.1</subfield>
    <subfield code="w">2025-12-09</subfield>
    <subfield code="y">BKLITI</subfield>
  </datafield>
  <datafield tag="952" ind1=" " ind2=" ">
    <subfield code="0">0</subfield>
    <subfield code="1">0</subfield>
    <subfield code="2">ddc</subfield>
    <subfield code="4">0</subfield>
    <subfield code="7">0</subfield>
    <subfield code="8">INF</subfield>
    <subfield code="a">MEGUAMAL</subfield>
    <subfield code="b">MEGUAMAL</subfield>
    <subfield code="c">SInf</subfield>
    <subfield code="d">2026-01-24</subfield>
    <subfield code="l">0</subfield>
    <subfield code="o">A LOP10</subfield>
    <subfield code="p">GUA005011</subfield>
    <subfield code="r">2026-01-24 19:25:48</subfield>
    <subfield code="t">Ej.1</subfield>
    <subfield code="w">2026-01-24</subfield>
    <subfield code="y">BKLITI</subfield>
  </datafield>
  <datafield tag="952" ind1=" " ind2=" ">
    <subfield code="0">0</subfield>
    <subfield code="1">0</subfield>
    <subfield code="2">ddc</subfield>
    <subfield code="4">0</subfield>
    <subfield code="7">0</subfield>
    <subfield code="8">INF</subfield>
    <subfield code="a">MEPLOPEZ</subfield>
    <subfield code="b">MEPLOPEZ</subfield>
    <subfield code="c">SInf</subfield>
    <subfield code="d">2026-02-05</subfield>
    <subfield code="l">0</subfield>
    <subfield code="o">A</subfield>
    <subfield code="p">PLZ01691</subfield>
    <subfield code="r">2026-02-05 20:03:04</subfield>
    <subfield code="t">Ej.1</subfield>
    <subfield code="w">2026-02-05</subfield>
    <subfield code="y">BKLITI</subfield>
  </datafield>
  <datafield tag="952" ind1=" " ind2=" ">
    <subfield code="0">0</subfield>
    <subfield code="1">0</subfield>
    <subfield code="2">ddc</subfield>
    <subfield code="4">0</subfield>
    <subfield code="7">0</subfield>
    <subfield code="8">INF</subfield>
    <subfield code="a">MESMARTI</subfield>
    <subfield code="b">MESMARTI</subfield>
    <subfield code="c">SInf</subfield>
    <subfield code="d">2026-04-13</subfield>
    <subfield code="l">0</subfield>
    <subfield code="o">A LOP10</subfield>
    <subfield code="p">SM04580</subfield>
    <subfield code="r">2026-04-13 19:32:00</subfield>
    <subfield code="t">Ej.1</subfield>
    <subfield code="w">2026-04-13</subfield>
    <subfield code="y">BKLITI</subfield>
  </datafield>
  <datafield tag="952" ind1=" " ind2=" ">
    <subfield code="0">0</subfield>
    <subfield code="1">0</subfield>
    <subfield code="2">ddc</subfield>
    <subfield code="4">0</subfield>
    <subfield code="7">0</subfield>
    <subfield code="8">INF</subfield>
    <subfield code="a">MEMAPJGA</subfield>
    <subfield code="b">MEMAPJGA</subfield>
    <subfield code="c">SInf</subfield>
    <subfield code="d">2026-05-04</subfield>
    <subfield code="l">0</subfield>
    <subfield code="o">A LCP10</subfield>
    <subfield code="p">MPJG01264</subfield>
    <subfield code="r">2026-05-04 21:52:03</subfield>
    <subfield code="t">Ej.1</subfield>
    <subfield code="w">2026-05-04</subfield>
    <subfield code="y">BKLITI</subfield>
  </datafield>
</record>
